<?xml version="1.0" encoding="UTF-8"?>
<record
    xmlns:xsi="http://www.w3.org/2001/XMLSchema-instance"
    xsi:schemaLocation="http://www.loc.gov/MARC21/slim http://www.loc.gov/standards/marcxml/schema/MARC21slim.xsd"
    xmlns="http://www.loc.gov/MARC21/slim">

  <leader>01680nam a22001697a 4500</leader>
  <controlfield tag="003">OSt</controlfield>
  <controlfield tag="005">20231227102933.0</controlfield>
  <controlfield tag="008">231227b2013    ag ||||| |||| 00| 0 spa d</controlfield>
  <datafield tag="020" ind1=" " ind2=" ">
    <subfield code="a">978849918794-5</subfield>
  </datafield>
  <datafield tag="040" ind1=" " ind2=" ">
    <subfield code="c">besoc</subfield>
  </datafield>
  <datafield tag="100" ind1=" " ind2=" ">
    <subfield code="a">Verdon, John</subfield>
    <subfield code="e">autor</subfield>
  </datafield>
  <datafield tag="245" ind1=" " ind2=" ">
    <subfield code="a">No Conf&#xED;es En Peter Pan</subfield>
    <subfield code="c">John Verdon</subfield>
  </datafield>
  <datafield tag="260" ind1=" " ind2=" ">
    <subfield code="a">Buenos Aires:</subfield>
    <subfield code="b">Printig Book</subfield>
    <subfield code="c">2013</subfield>
  </datafield>
  <datafield tag="300" ind1=" " ind2=" ">
    <subfield code="a">519 p.</subfield>
  </datafield>
  <datafield tag="520" ind1=" " ind2=" ">
    <subfield code="a">El asesinato de un rico empresario ocurrido tiempo atr&#xE1;s es el punto de partida de una compleja red de mentiras que David Gurney deber&#xE1; desentra&#xF1;ar. Y la identidad del asesino resulta ser la m&#xE1;s grande de todas las sorpresas.
Han pasado cuatro meses desde que David Gurney resolvi&#xF3; el caso del Buen Pastor y las consecuencias han sido terribles: se perdieron vidas y hubo carreras profesionales afectadas. Uno de los que m&#xE1;s ha sufrido ha sido Jack Hardwick, que viol&#xF3; la normativa por ayudar a Gurney. Los superiores de Hardwick pensaron que despidi&#xE9;ndole arreglaban todos sus problemas. En realidad, se buscaron un enemigo ac&#xE9;rrimo. Ahora, Hardwick se propone demostrar la ineptitud de sus antiguos empleadores presentando pruebas que sirvan para revisar algunas condenas muy sonadas.
Empieza con el caso Spalter, un rico empresario y promotor asesinado en el funeral de su madre. Su infiel esposa Kay fue condenada a cadena perpetua, pero Hardwick est&#xE1; seguro de que a la mujer le hizo la cama un detective corrupto y quiere que Gurney le ayude a probarlo.
Muy pronto Gurney se encuentra enfrent&#xE1;ndose a un fiscal sin escr&#xFA;pulos, un detective completamente corrupto, un jefe mafioso extra&#xF1;amente amable y un famoso criminal griego, Petros Panikos, Pet</subfield>
  </datafield>
  <datafield tag="942" ind1=" " ind2=" ">
    <subfield code="2">udc</subfield>
    <subfield code="c">LPD</subfield>
    <subfield code="n">0</subfield>
  </datafield>
  <datafield tag="999" ind1=" " ind2=" ">
    <subfield code="c">178</subfield>
    <subfield code="d">178</subfield>
  </datafield>
</record>
